00503 2200193 4500001002100000005001500021008004100036020001800077035001900095041000700114082000800121090001400129100001300143245004600156260005100202300003500253500000600288650001500294INLIS00000000000226120241224112514241224||||||||| | ||| |||| || |  a979-518-766-x 0010-1224002261 aen0 a531 a531 DAR f0 adaryanto00aFisika Teknik: Buku Acuan untuk Siswa SMK aJakartabRineka Cipta dan Bina Adiaksarac2003 aviii, 258 hlm.; ilus.: 23,5 cm a2 0aIlmu Murni